banner

Avances y retrocesos de la feminización en los equipos de salud / (Registro nro. 1520)

000 -LEADER
fixed length control field 01076nam a2200217 a 4500
003 - CONTROL NUMBER IDENTIFIER
control field AR-BaISA
005 - DATE AND TIME OF LATEST TRANSACTION
control field 20231124193534.0
006 - FIXED-LENGTH DATA ELEMENTS--ADDITIONAL MATERIAL CHARACTERISTICS
fixed length control field aado|fr|||| 000 0
007 - PHYSICAL DESCRIPTION FIXED FIELD--GENERAL INFORMATION
fixed length control field ta
008 - FIXED-LENGTH DATA ELEMENTS--GENERAL INFORMATION
fixed length control field 231124s2014 ag ado|f |||| 000 0 spa d
040 ## - CATALOGING SOURCE
Language of cataloging spa
Transcribing agency AR-BaISA
082 04 - DEWEY DECIMAL CLASSIFICATION NUMBER
Edition number 22
Classification number 610.69 P449
100 ## - MAIN ENTRY--PERSONAL NAME
9 (RLIN) 3227
Personal name Petrone, Patrizio
Relator term aut.
245 10 - TITLE STATEMENT
Title Avances y retrocesos de la feminización en los equipos de salud /
Statement of responsibility, etc. Patrizio Petrone
260 ## - PUBLICATION, DISTRIBUTION, ETC.
Place of publication, distribution, etc. Buenos Aires:
Name of publisher, distributor, etc. Dunken,
Date of publication, distribution, etc. 2014
300 ## - PHYSICAL DESCRIPTION
Extent 98 p.:
Other physical details il., graf. fotos.
504 ## - BIBLIOGRAPHY, ETC. NOTE
Bibliography, etc. note Bibliografía p.: [93]-98
505 ## - FORMATTED CONTENTS NOTE
Title PERSPECTICA HISTÓRICA:
-- Las mujeres en la medicina durante la belle époque --
-- La mujeres profesionales de la salud pública en la sociedad industrial --
-- Presentación de la situación actual --
-- La enfermería en Argentina --
-- El campo de los recursos humanos --
-- Las organizaciones de salud y el trabajo institucionalizado --
-- La atención y las relaciones interpersonales --
-- Las mujeres en la facultad de medicina
650 14 - SUBJECT ADDED ENTRY--TOPICAL TERM
9 (RLIN) 622
Topical term or geographic name entry element Personal de salud
Form subdivision equidad de género
942 ## - ADDED ENTRY ELEMENTS (KOHA)
Source of classification or shelving scheme
Koha item type Libros
Edition 22
Existencias
Withdrawn status Lost status Source of classification or shelving scheme Damaged status Not for loan Permanent Location Current Location Date acquired Inventory number Full call number Barcode Date last seen Price effective from Koha item type
          Biblioteca ISALUD. Dr. Néstor Rodríguez Campoamor Biblioteca ISALUD. Dr. Néstor Rodríguez Campoamor 2023-11-24 2473 610.69 P449 2473 2023-11-24 2023-11-24 Libros